000 00570nam a2200193Ia 4500
003 GCL
008 140319s9999 xx 000 0 ara d
040 _aGCL /
_cGCL
082 0 4 _a001.6424
_bم د
100 1 _aمحسن جبر
245 1 0 _aدوس فايف والاقراص Ms Dos 5.0 /
_cمحسن جبر
260 _a[S.N] :
_bدار الراتب الجامعية
300 _a463 ص
490 _a
650 0 4 _aالحاسبات الالكترونية
650 0 4 _aدوس
650 0 4 _aبرامج الحاسبات الالكترونية
942 _2ddc
_cBK
999 _c45471
_d45471